Matan śekharan shel mitsṿot, (Record no. 33996)

MARC details
000 -LEADER
fixed length control field 00743cam a22002171 4500
001 - CONTROL NUMBER
control field he 68003847
003 - CONTROL NUMBER IDENTIFIER
control field DLC
005 - DATE AND TIME OF LATEST TRANSACTION
control field 20260227111507.0
008 - FIXED-LENGTH DATA ELEMENTS--GENERAL INFORMATION
fixed length control field 870526r1964uuuuis 000 0 heb
010 ## - LIBRARY OF CONGRESS CONTROL NUMBER
LC control number he 68003847
035 ## - SYSTEM CONTROL NUMBER
System control number (OCoLC)15730270
040 ## - CATALOGING SOURCE
Original cataloging agency DLC
Transcribing agency TxU
Modifying agency TxU
-- DLC
050 00 - LIBRARY OF CONGRESS CALL NUMBER
Classification number BJ1287.A33
Item number I3 1964
100 1# - MAIN ENTRY--PERSONAL NAME
Personal name Teomim, Joseph ben Meir,
Dates associated with a name approximately 1727-1792 or 1793.
245 10 - TITLE STATEMENT
Title Matan śekharan shel mitsṿot,
Statement of responsibility, etc. ḥibur me-et Yosef Teʼomim, kolel shemoneh ḥaḳirot be-ʻinyan śakhar ṿa-ʻonesh.
260 ## - PUBLICATION, DISTRIBUTION, ETC.
Place of publication, distribution, etc. Yerushalayim,
Date of publication, distribution, etc. 725 [1964/65]
300 ## - PHYSICAL DESCRIPTION
Extent 27 p.
Dimensions 22 cm.
500 ## - GENERAL NOTE
General note Photo-offset.
501 ## - WITH NOTE
With note Bound with Alami, Solomon. Igeret musar. [Jerusalem, 1964/65]
650 #0 - SUBJECT ADDED ENTRY--TOPICAL TERM
Topical term or geographic name entry element Reward (Theology)

No items available.

Powered by Koha